000
00296 a2200145 4500
001
194777
040
_c
Magnum
100
_a
Alencar, José de
240
1
0
_a
O Sertanejo
_l
por
245
1
0
_a
O Sertanejo
300
_a
152
440
1
_a
Melhoramentos
697
_a
LITERATURA GERAL
942
_c
BK
999
_c
194777
_d
194777